LEADER 00949nam a22002411i 4500 001 991001665419707536 005 20031201153655.0 008 040407s1875 fr |||||||||||||||||fre 035 $ab12805014-39ule_inst 035 $aARCHE-078464$9ExL 040 $aDip.to Scienze Storiche$bita$cA.t.i. Arché s.c.r.l. Pandora Sicilia s.r.l. 082 04$a709 100 1 $aImbert, Pierre Léonce$0484927 245 12$aL'Espagne splendeurs et misères :$bvoyage artistique et pittoresque /$cpar P.L. Imbert ; illustrations d'Alexandre Prevost 260 $aParis :$bPlon,$c1875 300 $a383 p. ;$c19 cm 650 4$aArte$zSpagna 907 $a.b12805014$b02-04-14$c16-04-04 912 $a991001665419707536 945 $aLE009 GEOG.14.5-125$g1$i2009000153011$lle009$o-$pE0.00$q-$rn$so $t0$u0$v0$w0$x0$y.i13352581$z16-04-04 996 $aEspagne splendeurs et misères$9298407 997 $aUNISALENTO 998 $ale009$b16-04-04$cm$da $e-$ffre$gfr $h2$i1 LEADER 02045nam0 22004573i 450 001 PUV0260057 005 20251003044311.0 020 $aIT$b1949 3508 090 $a303670 100 $a20220726d1949 ||||0itac50 ba 101 | $aita 102 $ait 181 1$6z01$ai $bxxxe 182 1$6z01$an 183 1$6z01$anc$2RDAcarrier 200 1 $aBanca e moneta$edalle crociate alla rivoluzione francese$ele origini storiche dei problemi bancari e monetari contemporanei$fLamberto Incarnati 210 $aRoma$cRamo editoriale degli agricoltori$d1949 215 $a210 p.$d25 cm 606 $aBanche$xStoria$2FIR$3CFIC021087$9E 606 $aMoneta$xStoria$2FIR$3CFIC024389$9E 676 $a332.4$9MONETA$v23 686 $aX09.2$cSTORIA DEL PENSIERO ECONOMICO$2R 696 $aIstituti di credito$aSistemi bancari$aBanchi $aIndustria bancaria 696 $aUnità monetaria$aDanaro$aDenaro 699 $aBanche$yIstituti di credito 699 $aBanche$ySistemi bancari 699 $aBanche$yBanchi 699 $aBanche$yIndustria bancaria 699 $aMoneta$zUnità monetaria 699 $aMoneta$yDanaro 699 $aMoneta$yDenaro 700 1$aIncarnati$b, Lamberto$3LO1V037561$4070$0137932 801 3$aIT$bIT-000000$c20220726 850 $aIT-BN0095 $aIT-NA0581 901 $bNAP FC$cBIBL CROCE$n$ 901 $bNAP 01$cPOZZO LIB.$nVi sono collocati fondi di economia, periodici di ingegneria e scienze, periodici di economia e statistica e altri fondi comprendenti documenti di economia pervenuti in dono. 912 $aPUV0260057 950 0$aBiblioteca Centralizzata di Ateneo$b1 v.$c1 v.$d 01POZZO LIB.F. PARRAVICINI 109$e 0101 0600159795E VMA 1 v. (Sul risguardo dedica dell'autore al dott. Giannino Parravicini. - Precedente collocazione P 124)$fB $h20220725$i20220725 977 $a 01$a FC 996 $aBanca e moneta$9502116 997 $aUNISANNIO